Bank liquidity creation and financial crises / (Record no. 22832)

MARC details
000 -LEADER
fixed length control field 00862cam a22002655a 4500
001 - CONTROL NUMBER
control field 1364876
005 - DATE AND TIME OF LATEST TRANSACTION
control field 20180128104809.0
008 - FIXED-LENGTH DATA ELEMENTS--GENERAL INFORMATION
fixed length control field 160215t2016 enka frb 001 0 eng d
020 ## - INTERNATIONAL STANDARD BOOK NUMBER
International Standard Book Number 9780128002339
040 ## - CATALOGING SOURCE
Original cataloging agency NhCcYBP
Transcribing agency NhCcYBP
Language of cataloging eng
Modifying agency EG-ScBUE
-- EG-ScBUE
082 04 - DEWEY DECIMAL CLASSIFICATION NUMBER
Classification number 332.1
Edition number 22
Item number BER
100 1# - MAIN ENTRY--PERSONAL NAME
Personal name Berger, Allen N.
245 10 - TITLE STATEMENT
Title Bank liquidity creation and financial crises /
Statement of responsibility, etc Allen N. Berger, Christa H. S. Bouwman.
260 ## - PUBLICATION, DISTRIBUTION, ETC. (IMPRINT)
Place of publication, distribution, etc London :
Name of publisher, distributor, etc Academic Press / Elsevier,
Date of publication, distribution, etc c.2016
300 ## - PHYSICAL DESCRIPTION
Extent xiv, 274 p. :
Other physical details ill. ;
Dimensions 24 cm.
500 ## - GENERAL NOTE
General note Includes indexes.
504 ## - BIBLIOGRAPHY, ETC. NOTE
Bibliography, etc Bibliography : p. 243-254.
650 #7 - SUBJECT ADDED ENTRY--TOPICAL TERM
Topical term or geographic name as entry element Liquidity (Economics)
Source of heading or term BUEsh
9 (RLIN) 36504
650 #7 - SUBJECT ADDED ENTRY--TOPICAL TERM
Topical term or geographic name as entry element Financial crises.
Source of heading or term BUEsh
9 (RLIN) 28461
651 ## - SUBJECT ADDED ENTRY--GEOGRAPHIC NAME
Source of heading or term BUEsh
653 ## - INDEX TERM--UNCONTROLLED
Resource For college BAEPS, Economics
Arrived date list October2016
-- November2016
655 ## - INDEX TERM--GENRE/FORM
Form subdivision Text book
-- 33728
700 1# - ADDED ENTRY--PERSONAL NAME
Personal name Bouwman, Christa H. S.
942 ## - ADDED ENTRY ELEMENTS (KOHA)
Source of classification or shelving scheme Dewey Decimal Classification
Holdings
Withdrawn status Item status Source of classification or shelving scheme Damaged status Not for loan Vendor Home library Current library Shelving location Date acquired Source of acquisition Cost, normal purchase price Total Checkouts Full call number Barcode Date last seen Date last borrowed Cost, replacement price Koha item type Materials specified (bound volume or other part) Total Renewals Serial Enumeration / chronology
  Lost and Paid For Dewey Decimal Classification     Baccah Central Library Central Library First floor 24/10/2016 Purchase 3500.00 1 332.1 BER 000034509 10/05/2017 10/05/2017 1410.00 Book - Borrowing      
  Lost Dewey Decimal Classification     Baccah Central Library Central Library First floor 24/10/2016 Purchase   2 332.1 BER 000034510 06/09/2017 24/08/2017   Book - Borrowing Lost In Inventory_2018-08-12 12  
    Dewey Decimal Classification     Baccah Central Library Central Library First floor 24/10/2016 Purchase   1 332.1 BER 000034511 15/07/2025 04/12/2018   Book - Borrowing   5  
    Dewey Decimal Classification     Baccah Central Library Central Library First floor 30/10/2016 Purchase 760.00   332.1 BER 000045128 15/07/2025   950.00 Book - Borrowing     25140
    Dewey Decimal Classification     Baccah Central Library Central Library First floor 10/05/2017 Purchase     332.1 BER 000040454 15/07/2025     Book - Borrowing      
    Dewey Decimal Classification     Baccah Central Library Central Library First floor 10/05/2017 Purchase     332.1 BER 000040455 15/07/2025     Book - Borrowing